Central Library OPAC University of Rajshahi

Introduction to statistics / (Record no. 69861)

MARC details
000 -LEADER
fixed length control field 00807nam a2200277 a 4500
001 - CONTROL NUMBER
control field 69861
003 - CONTROL NUMBER IDENTIFIER
rucl marc code BD-RjUL
005 - DATE AND TIME OF LATEST TRANSACTION
control field 20211209081932.0
008 - FIXED-LENGTH DATA ELEMENTS--GENERAL INFORMATION
fixed length control field 170413s1976 fr a b 00010 eng d
020 ## - INTERNATIONAL STANDARD BOOK NUMBER
International Standard Book Number 0070609187
035 ## - SYSTEM CONTROL NUMBER
System control number (BD-RjUL)
040 ## - CATALOGING SOURCE
Original cataloging agency ANL
Language of cataloging eng
Modifying agency BD-RjUL
Transcribing agency BD-RjUL
041 ## - LANGUAGE CODE
Language code of text/sound track or separate title eng
082 1# - DEWEY DECIMAL CLASSIFICATION NUMBER
Classification number 519.5
Edition number 23
Author mark and year STI 1976
100 1# - MAIN ENTRY--PERSONAL NAME
Personal name Steel, Robert G. D.
9 (RLIN) 206907
245 10 - TITLE STATEMENT
Title Introduction to statistics /
Statement of responsibility, etc. Robert G D Steel; James H Torrie
250 ## - EDITION STATEMENT
Edition statement In. Student ed.
260 ## - PUBLICATION, DISTRIBUTION, ETC. (IMPRINT)
Place of publication, distribution, etc. Tokyo :
Name of publisher, distributor, etc. McGraw-Hill, cop.
Date of publication, distribution, etc. 1976.
300 ## - PHYSICAL DESCRIPTION
Pagination xii, 372 p. :
Illustrations ill. ;
Size 24 cm.
504 ## - BIBLIOGRAPHY, ETC. NOTE
Bibliography, etc Includes bibliography and index.
650 #0 - SUBJECT ADDED ENTRY--TOPICAL TERM
Topical term or geographic name as entry element Mathematical statistics
9 (RLIN) 206908
Topical term or geographic name as entry element Statistics.
9 (RLIN) 206909
700 ## - ADDED ENTRY--PERSONAL NAME
Personal name Torrie, James H
942 ## - ADDED ENTRY ELEMENTS (KOHA)
Source of classification or shelving scheme Dewey Decimal Classification
Koha item type Books
Holdings
Lost status Source of classification or shelving scheme Damaged status Not for loan Collection code Permanent Location Current Location Shelving location Date acquired Source of acquisition Cost, normal purchase price Total Checkouts Full call number Date last seen Copy number Koha item type
  Dewey Decimal Classification   Not For Loan Non-fiction Central Library, University of Rajshahi Central Library, University of Rajshahi Reading Room 30/09/1980 Heffers 5.45   519.5 STI 1976 13/04/2017 C-1 Books